Northern Ireland counties-Armagh, Banbridge and Craigavon - Statistics

General Stats
  • This quiz has been taken 3 times
  • The average score is 9 of 15
Answer Stats
Hint Answer % Correct
Not to be confused with the identically named company in the Republic of Ireland, this crisp manufacturer, founded in 1956, is based in Tandragee Tayto Group
100%
High King of Ireland said to be buried in Armagh Cathedral Brian Boru
67%
Olympic swimmer, originally from Magheralin, who has won many gold medals for both Ireland and Northern Ireland Daniel Wiffen
67%
Uniquely having both a Roman Catholic and Church of Ireland cathedral dedicated to the same saint, Armagh is considered the what capital of Ireland? Ecclesiastical
67%
Nineteenth century Norman revival castle surrounded by extensive woodland; it was used as a filming location for Game of Thrones Gosford Castle
67%
Celtic goddess the city is named after Macha
67%
Hill and ancient ceremonial monument that was the seat of the kings of Ulaidh Navan Fort
67%
Intergovernmental organisation that encourages coordination, cooperation and action on an all-Ireland basis North-South Ministerial Council
67%
Nature reserve, on the southern shore of Lough Neagh, hosting many rare plants and butterflies, as well as being a breeding ground for wild birds Oxford Island
67%
Large town that was formerly a major railway junction Portadown
67%
Folk song associated with the town of Banbridge Star of the County Down
67%
This wealthy linen manufacturer and sportsman from Milford invented the penalty kick in the 1880s, now widely used in association football William McCrum
67%
Actor and playwright best known for his roles in Game of Thrones, Blue Lights, Good Vibrations and Fortitude Richard Dormer
33%
Plantation era village owned by a prestigious English family; famed for weaving and its successful cricket club Waringstown
33%
Controversial Protestant fraternal organisation which was founded in this village in 1795 Loughgall
0%
No matching quizzes found
Score Distribution
Percent of People with Each Score
Percentile by Number Answered
Your Score History
You have not taken this quiz